K places in the Eastern Emisphere grid - Statistics

General Stats
  • This quiz has been taken 60 times
  • The average score is 10 of 15
Answer Stats
ANSWER % Correct
Kabul
87%
Kiev
87%
K2
81%
Kampala
81%
Kano
81%
Karachi
81%
Kathmandu
81%
Khartoum
81%
Kilimanjaro
81%
Kinshasa
81%
Kuala Lumpur
79%
Kuwait City
79%
Kerguelen islands
19%
Krakatoa island
11%
Kangaroo island
9%
No matching quizzes found
Score Distribution
Percent of People with Each Score
Percentile by Number Answered
Your Score History
You have not taken this quiz